| 000 | 00515nam a22001817a 4500 | ||
|---|---|---|---|
| 003 | OSt | ||
| 005 | 20230817100805.0 | ||
| 008 | 230817b |||||||| |||| 00| 0 eng d | ||
| 020 | _a9966471529 | ||
| 040 | _cChuka University Library | ||
| 050 |
_aPL 8702 _bM38 2008 |
||
| 100 |
_aMatei, Assumpta K _912085 |
||
| 245 | _aDarubini ya sarufi: Ufafanuzi kamili wa sarufi ya kiswahili | ||
| 260 |
_aNairobi _bPhoenix _c2008 |
||
| 300 |
_a368p. _bIllustrated |
||
| 650 |
_aSwahili _xGrammer _912086 |
||
| 942 |
_2lcc _cBK _n0 |
||
| 999 |
_c15251 _d15251 |
||